Lyrics to Glass Eyes - Radiohead - Statistics

General Stats
  • This quiz has been taken 5 times
  • The average score is 117 of 123
Answer Stats
Answer % Correct
a
100%
and
100%
another
100%
are
100%
around
100%
bush
100%
buy
100%
care
100%
cold
100%
coming
100%
concrete
100%
core
100%
don't
100%
down
100%
dry
100%
eyed
100%
faces
100%
feel
100%
frightening
100%
from
100%
glassy
100%
got
100%
grey
100%
hey
100%
I
100%
i
100%
I'm
100%
in
100%
inside
100%
is
100%
it
100%
it's
100%
just
100%
know
100%
leads
100%
love
100%
me
100%
mountain
100%
of
100%
off
100%
on
100%
out
100%
panic
100%
path
100%
place
100%
really
100%
should
100%
strong
100%
the
100%
this
100%
through
100%
ticket
100%
to
100%
trails
100%
train
100%
turn
100%
where
100%
wondering
100%
day
67%
great
67%
heads
67%
light
67%
message
67%
no
67%
so
67%
drama
33%
oh
33%
smug
33%
No matching quizzes found
Score Distribution
Percent of People with Each Score
Percentile by Number Answered
Your Score History
You have not taken this quiz